00000000nam##2200000za#4500
0019.648471
003CaOODSP
00520220818080141
007ta
008150407|2001||||xxc|||||     f|0| 0 eng|d
020 |a0-662-31660-6
040 |aCaOODSP|beng
043 |an-cn---
0861 |aIP34-9/2001E
1102 |aOffice of the Privacy Commissioner of Canada.
24510|aYour privacy rights : |bCanada's Personal Information Protection and Electronic Documents Act: a guide for Canadians
260 |aOttawa - Ontario : |bOffice of the Privacy Commissioner of Canada |c2001.
563 |aPamphlet
590 |a02-06|b2002-02-08
69007|aPrivacy|2gcpds
69007|aElectronic documents|2gcpds
77508|tVos droits en matière de vie privée : |w(CaOODSP)9.681762
7760#|tYour privacy rights : |w(CaOODSP)9.695783